|
|
|
|
| LEADER |
00599nam a22001457a 4500 |
| 082 |
|
|
|b MAR/V N3
|a 894.M1
|
| 100 |
|
|
|a Mary Sebastian
|9 315232
|
| 245 |
|
|
|a Vallathol kavithayile Bhaaratheeyatha
|b Kerala SarvakalashalayudecFaculty of Orientedc Studiesil Samarppikkunna Prabandham
|
| 260 |
|
|
|a Thrivananthapuram;
|b Malayala Vibhaagam;
|c 1993
|
| 300 |
|
|
|a 91p.
|
| 650 |
|
|
|a Poetry
|9 315233
|
| 650 |
|
|
|a കവിത
|9 315234
|
| 942 |
|
|
|c BK
|
| 999 |
|
|
|c 76112
|d 76112
|
| 952 |
|
|
|0 0
|1 0
|4 0
|6 894_000000000000000_M1_MAR_V_N3
|7 0
|8 MPhil
|9 89395
|a MAL
|b MAL
|d 2017-03-29
|e 177
|l 0
|o 894.M1 MAR/V N3
|p MAL000177
|r 2017-03-29
|t 1
|w 2017-03-29
|y MD
|